[Event "15th PKWN Festival it"]
[Site "Naleczow POL"]
[Date "1979.07.??"]
[Round "1"]
[White "Moiseev, Oleg"]
[Black "Szymczak, Zbigniew"]
[Result "1/2-1/2"]
[WhiteElo "2425"]
[BlackElo "2355"]
[EventDate "1979.07.14"]
[PlyCount "84"]

1.d4 Nf6 2.Nf3 g6 3.Bf4 Bg7 4.e3 O-O 5.Be2 d6 6.h3 Nbd7 7.O-O e6 8.c4 Qe7 
9.Nc3 e5 10.Bh2 c6 11.Rc1 Nh5 12.b4 f5 13.c5 dxc5 14.bxc5 Rd8 15.g4 fxg4 
16.hxg4 Nhf6 17.Nxe5 Nxe5 18.Bxe5 Nxg4 19.Bxg7 Kxg7 20.Bxg4 Qh4 21.Ne4 
Qxg4+ 22.Qxg4 Bxg4 23.Rb1 Rd7 24.Nd6 b5 25.e4 Bf3 26.Kh2 Rf8 27.Kg3 h5 28.
Rb3 h4+ 29.Kxh4 Bxe4 30.Re3 Bd5 31.Kg5 Bxa2 32.Rh1 Bf7 33.Rh6 Rfd8 34.f4 
Rxd6 35.cxd6 Rxd6 36.f5 Rd5 37.Re5 gxf5 38.Rxc6 Rxd4 39.Rc7 Rg4+ 40.Kxf5 
Rg1 41.Rxb5 Rf1+ 42.Ke5 1/2-1/2

[Event "15th PKWN Festival it"]
[Site "Naleczow POL"]
[Date "1979.07.??"]
[Round "1"]
[White "Ghinda, Mihail Viorel"]
[Black "Kuligowski, Adam"]
[Result "1-0"]
[WhiteElo "2455"]
[BlackElo "2495"]
[EventDate "1979.07.14"]
[PlyCount "59"]

1.e4 c5 2.Nf3 d6 3.d4 cxd4 4.Nxd4 Nf6 5.Nc3 a6 6.a4 g6 7.Be2 Bg7 8.Be3 Nc6
9.O-O O-O 10.f4 e6 11.Nb3 b6 12.Bf3 Qc7 13.Qe2 Bb7 14.Rad1 Rab8 15.Qc4 
Rbc8 16.Rf2 Rfe8 17.Qf1 Rb8 18.Rfd2 Bf8 19.Kh1 Nb4 20.Qf2 Ba8 21.f5 e5 22.
Bg5 Nd7 23.Be2 Rb7 24.fxg6 hxg6 25.Bf1 Nc5 26.Nxc5 Qxc5 27.Be3 Qc7 28.Bxa6
Rbb8 29.Be2 Bc6 30.Nb5 1-0

[Event "15th PKWN Festival it"]
[Site "Naleczow POL"]
[Date "1979.07.??"]
[Round "1"]
[White "Przewoznik, Jan"]
[Black "Tseitlin, Mark"]
[Result "1/2-1/2"]
[WhiteElo "2240"]
[BlackElo "2505"]
[EventDate "1979.07.14"]
[PlyCount "88"]

1.e4 c6 2.d4 g6 3.Nf3 Bg7 4.Bd3 d6 5.O-O Nd7 6.c3 e5 7.Nbd2 Ngf6 8.Nc4 Qc7
9.Bc2 O-O 10.dxe5 dxe5 11.Qd6 Ne8 12.Qxc7 Nxc7 13.Nd6 Ne6 14.Rd1 Rd8 15.
Ng5 Nxg5 16.Bxg5 f6 17.Bb3+ Kf8 18.Be3 Ke7 19.Rd2 b6 20.Ba4 c5 21.Bc6 Rb8 
22.Nb5 a6 23.Na7 Nf8 24.Bd5 Bd7 25.Rad1 Be8 26.Nc6+ Bxc6 27.Bxc6 Rxd2 28.
Rxd2 Rd8 29.Rxd8 Kxd8 30.Bb7 a5 31.Bd5 Kc7 32.Kf1 Kd6 33.a4 f5 34.f3 Nd7 
35.Ke2 Nf6 36.Ba8 fxe4 37.fxe4 Ng4 38.Bg1 Bh6 39.b3 Bf4 40.g3 Bc1 41.Kd3 
Nf6 42.h3 Kc7 43.Bf2 h5 44.Kc4 Bd2 1/2-1/2

[Event "15th PKWN Festival it"]
[Site "Naleczow POL"]
[Date "1979.07.??"]
[Round "1"]
[White "Prandstetter, Eduard"]
[Black "Vogt, Lothar"]
[Result "1/2-1/2"]
[WhiteElo "2385"]
[BlackElo "2500"]
[EventDate "1979.07.14"]
[PlyCount "26"]

1.e4 c5 2.Nf3 e6 3.d4 cxd4 4.Nxd4 Nf6 5.Nc3 d6 6.Be2 Be7 7.O-O O-O 8.f4 
Nc6 9.Be3 e5 10.Nxc6 bxc6 11.fxe5 dxe5 12.Qxd8 Bxd8 13.Bc5 Re8 1/2-1/2

[Event "15th PKWN Festival it"]
[Site "Naleczow POL"]
[Date "1979.07.??"]
[Round "1"]
[White "Jamroz, Zbigniew"]
[Black "Nicevski, Risto"]
[Result "0-1"]
[WhiteElo "2345"]
[BlackElo "2380"]
[EventDate "1979.07.14"]
[PlyCount "72"]

1.Nf3 g6 2.d4 Bg7 3.e4 d6 4.Bc4 Nf6 5.e5 dxe5 6.Nxe5 O-O 7.O-O Ne8 8.Bf4 
Nd7 9.c3 Nd6 10.Bb3 c5 11.Nd2 cxd4 12.cxd4 Nf6 13.Re1 Bf5 14.g4 Bd7 15.h3 
a5 16.a3 a4 17.Ba2 Bb5 18.Ndf3 Ra6 19.Rc1 Be8 20.Qd2 e6 21.Bg5 Nde4 22.
Rxe4 Nxe4 23.Bxd8 Nxd2 24.Nxd2 Rd6 25.Bc7 Bxe5 26.Nc4 Bf4 27.Bxd6 Bxc1 28.
b3 b5 29.Nb6 Bb2 30.bxa4 bxa4 31.d5 Bd4 32.dxe6 fxe6 33.Bxe6+ Bf7 34.Nd7 
Rd8 35.Bxf7+ Kxf7 36.Ne5+ Ke6 0-1

[Event "15th PKWN Festival it"]
[Site "Naleczow POL"]
[Date "1979.07.??"]
[Round "1"]
[White "Luczak, Andrzej"]
[Black "Ivanovic, Bozidar"]
[Result "1/2-1/2"]
[WhiteElo "2440"]
[BlackElo "2460"]
[EventDate "1979.07.14"]
[PlyCount "130"]

1.e4 c5 2.Nf3 Nc6 3.d4 cxd4 4.Nxd4 Nf6 5.Nc3 d6 6.Bg5 e6 7.Qd2 a6 8.O-O-O 
h6 9.Bf4 Bd7 10.Nb3 Ne5 11.Bg3 Be7 12.Kb1 b5 13.f4 Nc4 14.Qe2 e5 15.f5 Rc8
16.Qf3 O-O 17.Bd3 a5 18.Nd2 a4 19.Bxc4 bxc4 20.a3 Qb6 21.Ka1 Rc7 22.Bh4 
Rb8 23.Rb1 Rcb7 24.g4 Nxe4 25.Ncxe4 Bxh4 26.Nxc4 Qc7 27.Ncxd6 Rb6 28.Qd3 
Rd8 29.Rhd1 Bc6 30.Qc4 Rd7 31.Rd2 Qb8 32.c3 Rc7 33.Qe2 Be7 34.Rbd1 Kh7 35.
g5 Bxe4 36.Nxe4 hxg5 37.Qh5+ Rh6 38.Nxg5+ Bxg5 39.Qxg5 f6 40.Qg4 Qe8 41.
Rd8 Qh5 42.Qe4 Rc8 43.R8d2 Qg5 44.Qb7 Rg8 45.Rg2 Rb8 46.Qd5 Rd8 47.Rxg5 
Rxd5 48.Rxd5 fxg5 49.Rd2 Rf6 50.Kb1 g6 51.fxg6+ Kxg6 52.Kc2 e4 53.Re2 Re6 
54.Kd2 Kf5 55.Ke3 Rh6 56.Kd4 Rd6+ 57.Ke3 Rd3+ 58.Kf2 Kf4 59.c4 e3+ 60.Ke1 
Kf3 61.c5 Rd4 62.Rc2 Rg4 63.Kf1 Rd4 64.Ke1 Rg4 65.Kf1 Rd4 1/2-1/2

[Event "15th PKWN Festival it"]
[Site "Naleczow POL"]
[Date "1979.07.??"]
[Round "2"]
[White "Prandstetter, Eduard"]
[Black "Przewoznik, Jan"]
[Result "1/2-1/2"]
[WhiteElo "2385"]
[BlackElo "2240"]
[EventDate "1979.07.14"]
[PlyCount "98"]

1.e4 c5 2.Nf3 Nc6 3.d4 cxd4 4.Nxd4 Nf6 5.Nc3 d6 6.Bg5 e6 7.Qd2 Be7 8.O-O-O
a6 9.f4 Bd7 10.Nf3 b5 11.Bxf6 gxf6 12.Bd3 Qa5 13.Kb1 b4 14.Ne2 Qc5 15.Rhe1
a5 16.Nc1 a4 17.Qe3 Na5 18.f5 Qc8 19.fxe6 fxe6 20.Qe2 a3 21.Nb3 axb2 22.
Nfd4 Nc6 23.Nxc6 Qxc6 24.Bc4 Rc8 25.Ba6 Rc7 26.Nd4 Qc5 27.Bb5 Bxb5 28.Nxb5
Rc8 29.Nd4 Qe5 30.Nf3 Qh5 31.Nd4 Qxe2 32.Rxe2 Kf7 33.Kxb2 Rc4 34.Nb3 Rhc8 
35.Rd3 Bf8 36.Kb1 Rc3 37.Rd4 R8c4 38.Red2 e5 39.Rxc4 Rxc4 40.Re2 Ke6 41.
Nd2 Rd4 42.Kb2 d5 43.exd5+ Kxd5 44.Nf3 Rd1 45.c3 bxc3+ 46.Kxc3 e4 47.Rd2+ 
Rxd2 48.Nxd2 Bd6 49.Nf1 1/2-1/2

[Event "15th PKWN Festival it"]
[Site "Naleczow POL"]
[Date "1979.07.??"]
[Round "2"]
[White "Szymczak, Zbigniew"]
[Black "Jamroz, Zbigniew"]
[Result "1-0"]
[WhiteElo "2355"]
[BlackElo "2345"]
[EventDate "1979.07.14"]
[PlyCount "76"]

1.d4 Nf6 2.c4 e6 3.g3 Bb4+ 4.Bd2 Bxd2+ 5.Qxd2 O-O 6.Bg2 d6 7.Nf3 Nbd7 8.
Nc3 Qe7 9.O-O e5 10.e4 c6 11.Rab1 Re8 12.Rfe1 Nb6 13.b3 a5 14.d5 a4 15.Bf1
axb3 16.axb3 Bg4 17.Nh4 Rec8 18.f3 Bd7 19.dxc6 bxc6 20.Red1 Ne8 21.Ng2 Bh3
22.Ne3 Bxf1 23.Kxf1 g6 24.Kg2 Qe6 25.Ra1 h5 26.h4 Kg7 27.Qb2 Nc7 28.Rxa8 
Rxa8 29.f4 Rb8 30.Qd2 exf4 31.gxf4 Qf6 32.f5 Nc8 33.fxg6 fxg6 34.Rf1 Qxh4 
35.Qd4+ Kg8 36.c5 Qg5+ 37.Kh1 Qe5 38.Qc4+ 1-0

[Event "15th PKWN Festival it"]
[Site "Naleczow POL"]
[Date "1979.07.??"]
[Round "2"]
[White "Kuligowski, Adam"]
[Black "Luczak, Andrzej"]
[Result "0-1"]
[WhiteElo "2495"]
[BlackElo "2440"]
[EventDate "1979.07.14"]
[PlyCount "100"]

1.d4 Nf6 2.c4 e6 3.Nf3 d5 4.Bg5 h6 5.Bh4 Bb4+ 6.Nc3 dxc4 7.e3 b5 8.a4 c6 
9.Nd2 Bb7 10.axb5 Bxc3 11.bxc3 cxb5 12.Be2 Nbd7 13.Bf3 Bxf3 14.Qxf3 Qc8 
15.O-O O-O 16.Ra5 a6 17.Rfa1 Re8 18.Bxf6 Nxf6 19.Ne4 Nxe4 20.Qxe4 Rd8 21.
h3 Rd5 22.R1a3 Qb7 23.Qb1 Rd6 24.Qa1 Rb6 25.Qa2 h5 26.Kh2 g6 27.Kg1 Kg7 
28.f3 Qc6 29.Kf2 Qd6 30.Qd2 Rab8 31.Ra2 Rc8 32.R5a3 Rbc6 33.Qc1 Re8 34.Ra5
Rb8 35.Qd2 Rcb6 36.Rb2 Qc7 37.Raa2 Rd6 38.e4 e5 39.d5 a5 40.Rb1 b4 41.Qb2 
Qc5+ 42.Kg3 b3 43.Ra4 Ra6 44.Rba1 Qb5 45.Kh2 Rb7 46.Kh1 f5 47.exf5 gxf5 
48.d6 Rd7 49.Qa3 Rdxd6 50.Kh2 Kf7 0-1

[Event "15th PKWN Festival it"]
[Site "Naleczow POL"]
[Date "1979.07.??"]
[Round "2"]
[White "Tseitlin, Mark"]
[Black "Schussler, Harry"]
[Result "1/2-1/2"]
[WhiteElo "2505"]
[BlackElo "2460"]
[EventDate "1979.07.14"]
[PlyCount "140"]

1.d4 Nf6 2.Nf3 b6 3.Bg5 e6 4.e4 h6 5.Bxf6 Qxf6 6.Nbd2 Bb7 7.Bd3 g6 8.Qe2 
Bg7 9.e5 Qe7 10.Ne4 d6 11.O-O O-O 12.Rad1 Nd7 13.exd6 cxd6 14.Rfe1 Rac8 
15.c3 Rc7 16.h3 Kh8 17.Ng3 Nf6 18.Nh2 Qd7 19.Ng4 Nd5 20.Qd2 f5 21.Nh2 e5 
22.dxe5 dxe5 23.Bf1 e4 24.c4 Nf6 25.Qf4 Qe7 26.b3 Rc5 27.Qd6 Re8 28.Qxe7 
Rxe7 29.Ne2 Kg8 30.Rd8+ Kf7 31.Red1 Rc8 32.g4 Rxd8 33.Rxd8 Rd7 34.Rxd7+ 
Nxd7 35.Bg2 Nc5 36.gxf5 gxf5 37.f3 Nd3 38.fxe4 fxe4 39.Ng4 Nb4 40.Nf2 Nxa2
41.Bxe4 Bc8 42.Kg2 Nc3 43.Nxc3 Bxc3 44.Ng4 Bd2 45.b4 Ke6 46.Kf3 h5 47.Bd5+
Kd6 48.Nf6 Bxb4 49.Nxh5 Bxh3 50.Nf4 Bf5 51.Be4 Bd7 52.Ke3 Bc3 53.Ne2 Be5 
54.Kd3 Kc5 55.Nc3 Bh3 56.Bf3 Bf5+ 57.Be4 Be6 58.Bd5 Bxd5 59.Nxd5 b5 60.Ke4
Kxc4 61.Kxe5 b4 62.Ke4 b3 63.Ne3+ Kc3 64.Nd5+ Kc4 65.Ne3+ Kc3 66.Nd5+ Kc2 
67.Kd4 b2 68.Nc3 a5 69.Kc4 a4 70.Nb5 b1=N 1/2-1/2

[Event "15th PKWN Festival it"]
[Site "Naleczow POL"]
[Date "1979.07.??"]
[Round "2"]
[White "Vogt, Lothar"]
[Black "Bilek, Istvan"]
[Result "1/2-1/2"]
[WhiteElo "2500"]
[BlackElo "2460"]
[EventDate "1979.07.14"]
[PlyCount "24"]

1.e4 e5 2.Nf3 Nc6 3.Nc3 Nf6 4.Bb5 Nd4 5.Ba4 Nxf3+ 6.Qxf3 c6 7.O-O d6 8.h3 
g6 9.d3 Bg7 10.Bb3 Be6 11.Be3 Qe7 12.Rad1 O-O 1/2-1/2

[Event "15th PKWN Festival it"]
[Site "Naleczow POL"]
[Date "1979.07.??"]
[Round "2"]
[White "Nicevski, Risto"]
[Black "Plachetka, Jan"]
[Result "1-0"]
[WhiteElo "2380"]
[BlackElo "2445"]
[EventDate "1979.07.14"]
[PlyCount "57"]

1.e4 e5 2.Nf3 Nc6 3.Bb5 a6 4.Ba4 Nf6 5.O-O Be7 6.Re1 b5 7.Bb3 O-O 8.c3 d5 
9.exd5 Nxd5 10.Nxe5 Nxe5 11.Rxe5 c6 12.d4 Bd6 13.Re1 Qh4 14.g3 Qh3 15.Re4 
Bd7 16.c4 bxc4 17.Bxc4 Rae8 18.Nd2 Nf6 19.Rh4 Qf5 20.Nf3 Ne4 21.Bd3 h6 22.
Be3 Qd5 23.Ne5 Bf5 24.Qf3 Ng5 25.Qxf5 g6 26.Bc4 Rxe5 27.dxe5 Nf3+ 28.Qxf3 
Qxf3 29.exd6 1-0

[Event "15th PKWN Festival it"]
[Site "Naleczow POL"]
[Date "1979.07.??"]
[Round "2"]
[White "Jakobsen, Ole"]
[Black "Espig, Lutz"]
[Result "0-1"]
[WhiteElo "2415"]
[BlackElo "2450"]
[EventDate "1979.07.14"]
[PlyCount "64"]

1.d4 d5 2.c4 e6 3.Nc3 c5 4.cxd5 exd5 5.Nf3 Nc6 6.g3 Nf6 7.Bg2 Be7 8.O-O 
O-O 9.Bg5 Be6 10.dxc5 Bxc5 11.Ne1 d4 12.Ne4 Be7 13.Bxf6 Bxf6 14.Nc5 Bc8 
15.Ned3 Qe7 16.Rc1 Re8 17.Qa4 Rb8 18.Nxb7 Bxb7 19.Bxc6 Bxc6 20.Qxc6 h5 21.
Rfe1 h4 22.e4 dxe3 23.Rxe3 Qf8 24.Rxe8 Rxe8 25.gxh4 Rd8 26.Qf3 Qd6 27.Nf4 
Bxb2 28.Rc6 Qd2 29.Nh5 Bd4 30.Ng3 Qxa2 31.Nf5 Bxf2+ 32.Kf1 Bxh4 0-1

[Event "15th PKWN Festival it"]
[Site "Naleczow POL"]
[Date "1979.07.??"]
[Round "3"]
[White "Espig, Lutz"]
[Black "Nicevski, Risto"]
[Result "1/2-1/2"]
[WhiteElo "2450"]
[BlackElo "2380"]
[EventDate "1979.07.14"]
[PlyCount "48"]

1.Nf3 f5 2.g3 Nf6 3.Bg2 g6 4.O-O Bg7 5.c4 O-O 6.Nc3 d6 7.d4 Nc6 8.b3 Nh5 
9.Bb2 f4 10.d5 Ne5 11.Nxe5 Bxe5 12.Qd2 Rf7 13.Nb5 Bxb2 14.Qxb2 Bd7 15.Nd4 
Qf8 16.Ne6 Qh6 17.Qd2 c6 18.c5 Bxe6 19.dxe6 Rf6 20.cxd6 Rxe6 21.dxe7 Rxe7 
22.Bf3 Rf8 23.Rac1 Re5 24.Rc4 Qg5 1/2-1/2

[Event "15th PKWN Festival it"]
[Site "Naleczow POL"]
[Date "1979.07.??"]
[Round "3"]
[White "Przewoznik, Jan"]
[Black "Vogt, Lothar"]
[Result "1-0"]
[WhiteElo "2240"]
[BlackElo "2500"]
[EventDate "1979.07.14"]
[PlyCount "56"]

1.e4 c5 2.Nf3 e6 3.c3 d5 4.exd5 exd5 5.d4 Nc6 6.Be3 c4 7.b3 cxb3 8.axb3 
Bd6 9.Bd3 Nge7 10.O-O O-O 11.Nh4 Ng6 12.Nf5 Bxf5 13.Bxf5 Qc7 14.Qh5 a6 15.
c4 Bf4 16.Nc3 Bxe3 17.fxe3 dxc4 18.bxc4 Nce7 19.Bd3 b5 20.c5 Qd7 21.Be4 
Ra7 22.c6 Nxc6 23.Nxb5 Raa8 24.Qc5 Nge7 25.Nd6 Ra7 26.Nxf7 Rxf7 27.Rxf7 
Kxf7 28.Rf1+ 1-0

[Event "15th PKWN Festival it"]
[Site "Naleczow POL"]
[Date "1979.07.??"]
[Round "3"]
[White "Plachetka, Jan"]
[Black "Szymczak, Zbigniew"]
[Result "1-0"]
[WhiteElo "2445"]
[BlackElo "2355"]
[EventDate "1979.07.14"]
[PlyCount "85"]

1.d4 Nf6 2.c4 d6 3.Nf3 Nbd7 4.Nc3 e5 5.Bg5 Be7 6.e3 O-O 7.Be2 c6 8.O-O Ne8
9.Bxe7 Qxe7 10.b4 e4 11.Nd2 f5 12.b5 Nef6 13.bxc6 bxc6 14.Rb1 Nb6 15.a4 
Be6 16.a5 Nc8 17.Qa4 Qc7 18.f3 exf3 19.Bxf3 Ne7 20.Na2 Bd7 21.Qa3 Rab8 22.
Nb4 Bc8 23.Nd3 Bd7 24.Nb4 Bc8 25.Qa4 c5 26.Nd3 Bd7 27.Qa3 cxd4 28.exd4 Nc6
29.Nb3 Ne4 30.Nf4 Ne7 31.Rfc1 Rf6 32.Rb2 Qb7 33.Rcc2 Qc8 34.h4 Rh6 35.h5 
Ng5 36.Nd2 Rxb2 37.Qxb2 Bc6 38.d5 Ba4 39.Rc1 Qc5+ 40.Kf1 Qe3 41.Re1 Qxf4 
42.Rxe7 Rf6 43.h6 1-0

[Event "15th PKWN Festival it"]
[Site "Naleczow POL"]
[Date "1979.07.??"]
[Round "3"]
[White "Luczak, Andrzej"]
[Black "Fedorowicz, John"]
[Result "0-1"]
[WhiteElo "2440"]
[BlackElo "2405"]
[EventDate "1979.07.14"]
[PlyCount "88"]

1.d4 Nf6 2.c4 c5 3.Nf3 cxd4 4.Nxd4 b6 5.Nc3 Bb7 6.f3 d6 7.e4 e6 8.Be2 Be7 
9.O-O O-O 10.Be3 a6 11.Qd2 Nbd7 12.Rac1 Qc7 13.b3 Rfe8 14.Bd3 Rac8 15.Bb1 
Qb8 16.Nde2 Bf8 17.Ng3 Bc6 18.Bg5 h6 19.Bxf6 Nxf6 20.f4 b5 21.Rce1 bxc4 
22.bxc4 Nd7 23.e5 dxe5 24.fxe5 Nxe5 25.Qf4 f6 26.Nh5 Nd7 27.Qg4 f5 28.Qg6 
Qd6 29.Ne4 Bxe4 30.Rxe4 Kh8 31.Rfe1 Nc5 32.Rg4 {? 32.Nf6! gxf6 33.Rg4! +-}
32...Qd2 33.Rf1 Nd3 34.Bxd3 Qxd3 35.Rgf4 Qe3+ 36.Kh1 Red8 37.h3 Qe2 38.a4 
Rd1 39.Rxd1 Qxd1+ 40.Kh2 Qd7 41.Rh4 Bd6+ 42.Ng3 Be5 43.Qh5 Qd3 44.Qg6 Qe3 
0-1

[Event "15th PKWN Festival it"]
[Site "Naleczow POL"]
[Date "1979.07.??"]
[Round "3"]
[White "Moiseev, Oleg"]
[Black "Kuligowski, Adam"]
[Result "1-0"]
[WhiteElo "2425"]
[BlackElo "2495"]
[EventDate "1979.07.14"]
[PlyCount "83"]

1.d4 g6 2.Nf3 Bg7 3.c4 d6 4.g3 Nf6 5.Bg2 O-O 6.Nc3 Nc6 7.O-O a6 8.d5 Na5 
9.Qd3 c5 10.dxc6 Nxc6 11.Bf4 Be6 12.Ng5 Bd7 13.b3 h6 14.Nf3 Qa5 15.Rac1 
Qh5 16.Rfd1 g5 17.Be3 Ng4 18.h4 Nce5 19.Nxe5 Nxe5 20.Qe4 Bc6 21.Nd5 Kh8 
22.Qf5 Bd7 23.Nf4 Qxh4 24.Qc2 Qg4 25.Bh3 gxf4 26.Bxg4 fxe3 27.Bxd7 exf2+ 
28.Kxf2 Nxd7 29.Qe4 b6 30.Qxe7 Nc5 31.Qc7 Be5 32.Rh1 Ne4+ 33.Kf3 Ng5+ 34.
Kg2 Kh7 35.Qxb6 Rg8 36.Qe3 Rg6 37.c5 Ne6 38.cxd6 Bf4 39.Qe4 Rg8 40.Rc3 Kh8
41.Rf3 Bxg3 42.Rxh6+ 1-0

[Event "15th PKWN Festival it"]
[Site "Naleczow POL"]
[Date "1979.07.??"]
[Round "3"]
[White "Jamroz, Zbigniew"]
[Black "Ivanovic, Bozidar"]
[Result "0-1"]
[WhiteElo "2345"]
[BlackElo "2460"]
[EventDate "1979.07.14"]
[PlyCount "82"]

1.Nf3 g6 2.d4 Bg7 3.e4 c6 4.Bd3 d5 5.exd5 cxd5 6.O-O Bg4 7.c3 Nc6 8.Re1 
Nf6 9.Nbd2 O-O 10.h3 Bf5 11.Qe2 Bxd3 12.Qxd3 e6 13.Ne5 Nxe5 14.dxe5 Nd7 
15.Nf3 Rc8 16.Bg5 Qb6 17.Qe2 Rfe8 18.Be3 Qa5 19.Bd4 Nb8 20.Nh2 Nc6 21.Rad1
Qd8 22.Qe3 Nxd4 23.Rxd4 Qb6 24.Qe2 h5 25.g4 Qd8 26.Nf3 hxg4 27.Rxg4 Re7 
28.Kh1 Rec7 29.h4 Rc4 30.Reg1 Rxg4 31.Rxg4 Qa5 32.a3 b5 33.Nd4 a6 34.h5 
Qc7 35.hxg6 Bxe5 36.gxf7+ Kxf7 37.Rh4 Bxd4 38.Qh5+ Ke7 39.cxd4 Qc1+ 40.Kh2
Rf8 41.Kg2 Qd2 0-1

[Event "15th PKWN Festival it"]
[Site "Naleczow POL"]
[Date "1979.07.??"]
[Round "3"]
[White "Bilek, Istvan"]
[Black "Jakobsen, Ole"]
[Result "1/2-1/2"]
[WhiteElo "2460"]
[BlackElo "2415"]
[EventDate "1979.07.14"]
[PlyCount "28"]

1.c4 e6 2.Nf3 d5 3.g3 dxc4 4.Qa4+ Nd7 5.Qxc4 a6 6.d4 c5 7.dxc5 Bxc5 8.Bg2 
Ngf6 9.O-O b5 10.Qh4 Bb7 11.Nc3 b4 12.Na4 Be7 13.Rd1 Qa5 14.b3 Rd8 1/2-1/2

[Event "15th PKWN Festival it"]
[Site "Naleczow POL"]
[Date "1979.07.??"]
[Round "4"]
[White "Kuligowski, Adam"]
[Black "Jamroz, Zbigniew"]
[Result "1/2-1/2"]
[WhiteElo "2495"]
[BlackElo "2345"]
[EventDate "1979.07.14"]
[PlyCount "90"]

1.c4 Nf6 2.Nc3 c5 3.g3 Nc6 4.Bg2 e6 5.Nf3 d5 6.cxd5 Nxd5 7.O-O Be7 8.d4 
O-O 9.e4 Nxc3 10.bxc3 cxd4 11.cxd4 Bf6 12.Be3 Qa5 13.Qc2 Bd7 14.Rab1 Rac8 
15.Qe2 b6 16.Rfd1 Qa4 17.Bf1 Nb4 18.Rd2 Nc2 19.Bf4 Na3 20.Rb3 Nc4 21.Rdd3 
Na5 22.Ra3 Qc4 23.Ne5 Bxe5 24.Bxe5 Qc1 25.Qg4 f6 26.Bd6 Rfe8 27.Bf4 Qb2 
28.Qf3 Rc7 29.h4 Rec8 30.Bh3 Qb5 31.Rac3 Rxc3 32.Rxc3 Rxc3 33.Qxc3 Qc4 34.
Qa3 Qxd4 35.Qe7 h6 36.Bd6 Bc8 37.h5 Kh7 38.Qc7 Nb7 39.Qxc8 Nxd6 40.Qxe6 
Qe5 41.Qd7 Qxh5 42.Be6 Qe5 43.f4 Qd4+ 44.Kh2 h5 45.Qd8 Qf2+ 1/2-1/2

[Event "15th PKWN Festival it"]
[Site "Naleczow POL"]
[Date "1979.07.??"]
[Round "4"]
[White "Fedorowicz, John"]
[Black "Moiseev, Oleg"]
[Result "1/2-1/2"]
[WhiteElo "2405"]
[BlackElo "2425"]
[EventDate "1979.07.14"]
[PlyCount "28"]

1.c4 Nf6 2.Nc3 e6 3.Nf3 d5 4.d4 Be7 5.Bg5 O-O 6.e3 h6 7.Bh4 Ne4 8.Bxe7 
Qxe7 9.Qc2 Nxc3 10.Qxc3 c6 11.Rc1 dxc4 12.Bxc4 b6 13.O-O Bb7 14.Ne5 
1/2-1/2

[Event "15th PKWN Festival it"]
[Site "Naleczow POL"]
[Date "1979.07.??"]
[Round "4"]
[White "Prandstetter, Eduard"]
[Black "Ghinda, Mihail Viorel"]
[Result "1/2-1/2"]
[WhiteElo "2385"]
[BlackElo "2455"]
[EventDate "1979.07.14"]
[PlyCount "72"]

1.e4 c5 2.Nf3 e6 3.d4 cxd4 4.Nxd4 Nf6 5.Nc3 d6 6.Be2 a6 7.f4 Qc7 8.Be3 Be7
9.O-O O-O 10.Qe1 b5 11.Bf3 Bb7 12.e5 Ne8 13.Qg3 Nd7 14.Bxb7 Qxb7 15.Rae1 
b4 16.Na4 dxe5 17.fxe5 Rc8 18.Kh1 Qd5 19.Bg1 g6 20.Re2 Ng7 21.Qf3 Qxf3 22.
Nxf3 Rfd8 23.Rd1 Kf8 24.Red2 Ke8 25.c4 bxc3 26.Nxc3 h5 27.Ne4 Nf5 28.b3 
Nb8 29.g3 Rxd2 30.Rxd2 Nd7 31.Kg2 Bb4 32.Re2 Rc1 33.h3 Ne7 34.Be3 Rc7 35.
Nd6+ Kf8 36.Nc4 1/2-1/2

[Event "15th PKWN Festival it"]
[Site "Naleczow POL"]
[Date "1979.07.??"]
[Round "4"]
[White "Vogt, Lothar"]
[Black "Jakobsen, Ole"]
[Result "1-0"]
[WhiteElo "2500"]
[BlackElo "2415"]
[EventDate "1979.07.14"]
[PlyCount "94"]

1.e4 d6 2.d4 Nf6 3.Nc3 g6 4.Nf3 Bg7 5.Be2 O-O 6.O-O Bg4 7.Be3 Nc6 8.Qd2 
Nd7 9.Rad1 Nb6 10.b3 a5 11.a4 Nb4 12.h3 Bxf3 13.Bxf3 c6 14.Ne2 Nd7 15.g3 
Qc7 16.Bg2 c5 17.c3 cxd4 18.Nxd4 Nc6 19.Nb5 Qb8 20.f4 Rd8 21.Qf2 Qc8 22.
Kh2 Rb8 23.g4 Rf8 24.Rd2 b6 25.Qf3 Nd8 26.Qd1 Nc5 27.g5 Qe6 28.Bxc5 bxc5 
29.Kh1 Qc8 30.f5 Be5 31.Qe2 Nc6 32.Rd3 Qb7 33.h4 Na7 34.c4 Nxb5 35.cxb5 
Qc8 36.Rh3 Qd7 37.h5 Kg7 38.Qg4 Qd8 39.Qh4 Rh8 40.f6+ exf6 41.gxf6+ Kg8 
42.hxg6 fxg6 43.Qh6 Rb7 44.Rhf3 Rf7 45.Bh3 Qf8 46.Qg5 Qe8 47.b6 1-0

[Event "15th PKWN Festival it"]
[Site "Naleczow POL"]
[Date "1979.07.??"]
[Round "4"]
[White "Ivanovic, Bozidar"]
[Black "Plachetka, Jan"]
[Result "1-0"]
[WhiteElo "2460"]
[BlackElo "2445"]
[EventDate "1979.07.14"]
[PlyCount "45"]

1.e4 e5 2.Nf3 Nc6 3.d4 exd4 4.Nxd4 Bc5 5.Nf5 g6 6.Ne3 Nf6 7.Nc3 d6 8.Bd3 
Be6 9.O-O Ne5 10.Be2 Qd7 11.Kh1 Neg4 12.Ned5 c6 13.b4 cxd5 14.bxc5 Nxe4 
15.Qd4 O-O-O 16.Bxg4 Bxg4 17.Nxd5 Rhe8 18.c6 bxc6 19.f3 Bxf3 20.Rxf3 cxd5 
21.Bg5 Qg4 22.Qxa7 Qxg5 23.Rb1 1-0

[Event "15th PKWN Festival it"]
[Site "Naleczow POL"]
[Date "1979.07.??"]
[Round "4"]
[White "Nicevski, Risto"]
[Black "Bilek, Istvan"]
[Result "0-1"]
[WhiteElo "2380"]
[BlackElo "2460"]
[EventDate "1979.07.14"]
[PlyCount "66"]

1.e4 c6 2.d4 d5 3.Nd2 dxe4 4.Nxe4 Nd7 5.Nf3 Ngf6 6.Ng3 e6 7.Bd3 c5 8.O-O 
Be7 9.Qe2 O-O 10.Rd1 Qc7 11.Bg5 Re8 12.dxc5 Nxc5 13.Ne5 a6 14.Nxf7 Kxf7 
15.Bxf6 Bxf6 16.Qh5+ Ke7 17.Bc4 Qe5 18.Qxh7 Qf4 19.Re1 e5 20.b4 Qxc4 21.
bxc5 Bd7 22.Rad1 Rh8 23.Qg6 Rad8 24.Rd6 Rh6 25.Qd3 Qxd3 26.cxd3 Kf7 27.Ne4
Bc6 28.Rxd8 Bxd8 29.Nd6+ Kf6 30.Nc4 Bc7 31.g3 Rh8 32.Re2 Rd8 33.Re3 Rd5 
0-1

[Event "15th PKWN Festival it"]
[Site "Naleczow POL"]
[Date "1979.07.??"]
[Round "4"]
[White "Tseitlin, Mark"]
[Black "Luczak, Andrzej"]
[Result "1/2-1/2"]
[WhiteElo "2505"]
[BlackElo "2440"]
[EventDate "1979.07.14"]
[PlyCount "114"]

1.e4 e5 2.Nc3 Nc6 3.Bc4 Nf6 4.d3 Na5 5.Nf3 Nxc4 6.dxc4 Bb4 7.Bd2 Bxc3 8.
Bxc3 d6 9.Qe2 b6 10.O-O-O Qe7 11.Nh4 g6 12.g3 Bb7 13.f3 O-O-O 14.Ng2 Rhf8 
15.Ne3 Rde8 16.a4 Nd7 17.Nd5 Qe6 18.a5 f5 19.axb6 axb6 20.Bb4 fxe4 21.fxe4
Rf7 22.Nxc7 Kxc7 23.Rxd6 Qh3 24.Rhd1 Re6 25.Qd3 Bc6 26.c5 Rxd6 27.cxb6+ 
Kb7 28.Bxd6 Qe6 29.Qa3 Nxb6 30.Qa5 Qc4 31.b3 Qb5 32.Qxb5 Bxb5 33.Bxe5 Re7 
34.Bc3 Rxe4 35.Re1 Rxe1+ 36.Bxe1 Bd7 37.Kd2 Kc6 38.c4 Nc8 39.Kc3 Nd6 40.
Kd4 Bh3 41.Bf2 Bg4 42.Be1 Bd1 43.b4 Be2 44.c5 Nf7 45.Bd2 Bg4 46.Bc1 Bf5 
47.Be3 Kb5 48.Bd2 Nd8 49.Ke5 Nc6+ 50.Kf4 Nxb4 51.Kg5 Nd5 52.g4 Bd3 53.Kh6 
Kxc5 54.Bg5 Kd4 55.Kxh7 Ke5 56.Kg7 Nf4 57.h4 1/2-1/2

[Event "15th PKWN Festival it"]
[Site "Naleczow POL"]
[Date "1979.07.??"]
[Round "5"]
[White "Jamroz, Zbigniew"]
[Black "Fedorowicz, John"]
[Result "0-1"]
[WhiteElo "2345"]
[BlackElo "2405"]
[EventDate "1979.07.14"]
[PlyCount "80"]

1.Nf3 Nf6 2.d4 c5 3.c4 cxd4 4.Nxd4 b6 5.Nc3 Bb7 6.f3 d6 7.e4 e6 8.Be2 Be7 
9.O-O O-O 10.Be3 a6 11.Qd2 Nbd7 12.Rfd1 Qc7 13.Rac1 Rfe8 14.Bf1 Rac8 15.
Qf2 Qb8 16.Nb3 Bc6 17.Kh1 Kh8 18.Rc2 Ba8 19.Rcd2 Bf8 20.Bd4 Rc6 21.a3 Ne5 
22.Na1 Nxc4 23.Bxc4 Rxc4 24.Bxf6 gxf6 25.Qh4 Qd8 26.Nc2 Rc5 27.Ne3 Be7 28.
Qh3 Rg8 29.f4 Rg7 30.f5 Qg8 31.Rf1 b5 32.Rf4 a5 33.Nc2 Qc8 34.Rf1 Re5 35.
Qd3 Qb7 36.fxe6 fxe6 37.b4 f5 38.Nd4 fxe4 39.Qh3 e3 40.Re2 Qc8 0-1

[Event "15th PKWN Festival it"]
[Site "Naleczow POL"]
[Date "1979.07.??"]
[Round "5"]
[White "Bilek, Istvan"]
[Black "Szymczak, Zbigniew"]
[Result "1/2-1/2"]
[WhiteElo "2460"]
[BlackElo "2355"]
[EventDate "1979.07.14"]
[PlyCount "32"]

1.c4 Nf6 2.g3 g6 3.Bg2 Bg7 4.Nc3 O-O 5.e4 d6 6.Nge2 e5 7.O-O Nc6 8.d3 Nh5 
9.Nd5 Ne7 10.Bg5 f6 11.Nxe7+ Qxe7 12.Be3 f5 13.exf5 gxf5 14.Nc3 Nf6 15.Bg5
c6 16.Qd2 Bd7 1/2-1/2

[Event "15th PKWN Festival it"]
[Site "Naleczow POL"]
[Date "1979.07.??"]
[Round "5"]
[White "Ghinda, Mihail Viorel"]
[Black "Przewoznik, Jan"]
[Result "1/2-1/2"]
[WhiteElo "2455"]
[BlackElo "2240"]
[EventDate "1979.07.14"]
[PlyCount "88"]

1.e4 e5 2.Nf3 Nc6 3.d4 exd4 4.Nxd4 Bc5 5.Nf5 Qf6 6.Nc3 Nge7 7.Ne3 O-O 8.g3
Ne5 9.f4 N5g6 10.Bg2 Qb6 11.Ncd5 Nxd5 12.Nxd5 Qd6 13.e5 Re8 14.Kf1 Qa6+ 
15.Qd3 Qxd3+ 16.cxd3 Bb6 17.Nxb6 axb6 18.Kf2 f6 19.d4 Ra4 20.Rd1 Rd8 21.b3
Ra8 22.exf6 gxf6 23.d5 d6 24.Bb2 Kf7 25.Rac1 Rxa2 26.Rxc7+ Rd7 27.Rxd7+ 
Bxd7 28.Rd2 Bg4 29.Be4 Ne7 30.Ke3 f5 31.Bg2 Bd1 32.b4 Bb3 33.Kd4 b5 34.Bf3
Ra8 35.Rd3 Bc4 36.Ra3 Rc8 37.Rc3 Ra8 38.Ra3 Rc8 39.g4 Ng6 40.Bc1 Nh4 41.
Bd1 Bxd5 42.Bd2 Be4 43.Rc3 Rxc3 44.Bxc3 1/2-1/2